Normal view
MARC view
Entry Personal Name
001 - CONTROL NUMBER
- control field: 834453
003 - CONTROL NUMBER IDENTIFIER
- control field: OSt
005 - DATE AND TIME OF LATEST TRANSACTION
- control field: 20250923145346.0
008 - FIXED-LENGTH DATA ELEMENTS
- fixed length control field: 250923|| aca||aabn | a|a d
040 ## - CATALOGING SOURCE
- Original cataloging agency: OSt
- Transcribing agency: OSt
100 ## - HEADING--PERSONAL NAME
- Personal name: Aggarwal, P.C
670 ## - SOURCE DATA FOUND
- Source citation: Work cat.: (OSt)1450415: Aggarwal, P.C., Equality through privilege : A study of special privileges of scheduled castes in Haryana, 1976
